| 000 | 00755nac a22002171u 4500 | ||
|---|---|---|---|
| 010 | _a84005225 | ||
| 020 | _a0470200766 | ||
| 020 | _a8122412157 | ||
| 082 | 0 | 0 |
_a620.3 _bR2151 |
| 090 |
_c822 _d822 |
||
| 100 | _aRao, J. S. | ||
| 245 | 1 | 0 |
_aIntroductory course on theory and practice of mechanical vibrations / _cJ.S. Rao & K. Gupta. |
| 250 | _a2nd ed. | ||
| 260 |
_aNew Delhi : _b New Age International Pvt Ltd, _c2002. |
||
| 300 |
_a538 p. : _bill. ; _c25 cm. |
||
| 500 | _aIncludes index. | ||
| 650 | 0 | _aVibration. | |
| 700 | 1 |
_aGupta, K., _cDr. |
|
| 942 |
_cBB _k620.3R2151 |
||
| 999 |
_c822 _d822 |
||